000 00742nam a2200217Ia 4500
003 GCL
008 140319s9999 xx 000 0 ara d
040 _aGCL /
_cGCL
082 0 4 _aق
_b962.32
_bه م
100 1 _aهيئة الاثار المصرية
245 1 0 _aمقبرتا تحتمس الرابع ومنتوحرحبشف بوادىالملوك وانجازات ترسيم وصيانة اثار الاقصر /
_cهيئة الاثار المصرية
260 _a[S.N] :
_bهيئة الاثار المصرية
490 _a
650 0 4 _aمصر
650 0 4 _aالمقابر
650 0 4 _aالاثار الفرعونية
650 0 4 _aالاقصر
650 0 4 _aترميم
650 0 4 _aوادى الملوك
942 _2ddc
_cBK
999 _c57866
_d57866